Phonetics in Ancient India

محفوظ في:
التفاصيل البيبلوغرافية
المؤلف الرئيسي: Allen, W. Sidney
التنسيق: كتاب
اللغة:Undetermined
منشور في: Londres, Inglaterra Oxford University Press 1965
الموضوعات:
الوسوم: إضافة وسم
لا توجد وسوم, كن أول من يضع وسما على هذه التسجيلة!

MARC

LEADER 00000nam a2200000Ia 4500
008 170316s9999 xx 000 0 und d
090 |a 410 A-9p 
100 |a Allen, W. Sidney 
245 |a Phonetics in Ancient India 
260 |a Londres, Inglaterra 
260 |b Oxford University Press 
260 |c 1965 
300 |a 96 páginas 
650 |a LINGÜÍSTICA 
999 |c 18219  |d 18219 
040 |a cru BVZT 
942 |c 15 D  |h 410 A-9p  |2 z